[Event "Canadian op U1600 48th"]
[Site "Toronto"]
[Date "2011.07.13"]
[Round "5"]
[White "Cabioc, Jose"]
[Black "Milicevic, Aleksandra"]
[Result "1-0"]
[WhiteElo "1538"]
[BlackElo "1245"]
[PlyCount "59"]
[EventDate "2011.07.09"]
[EventType "swiss"]
[EventRounds "9"]
[EventCountry "CAN"]
[SourceTitle "EXT 2022"]
[Source "ChessBase"]
[SourceDate "2021.10.06"]
[SourceVersion "1"]
[SourceVersionDate "2021.10.06"]
[SourceQuality "1"]

1. e4 c5 2. Nf3 Nc6 3. d4 cxd4 4. Nxd4 g6 5. Nc3 Bg7 6. Be3 Nf6 7. Bc4 0-0 8. Bb3 d6 9. f3 Qb6 10. Nf5 Qc7 11. Nxg7 Kxg7 12. Qd2 Kg8 13. 0-0-0 a6 14. g4 Ne5 15. Rhf1 Nc4 16. Bxc4 Qxc4 17. Kb1 Be6 18. h4 b5 19. h5 b4 20. Nd5 Bxd5 21. exd5 a5 22. hxg6 hxg6 23. Rh1 Kg7 24. Bh6+ Kg8 25. Bxf8 Rxf8 26. Qh6 Nh5 27. gxh5 Rc8 28. hxg6 Qxc2+ 29. Ka1 Qxg6 30. Qh8# 1-0